| 000 | 003880000a22001690004500 | ||
|---|---|---|---|
| 005 | 20120302062408.0 | ||
| 942 | _cBOOK | ||
| 245 | _a Sriganesh Atharvasheersha(Sabhaashya) | ||
| 260 | _aPune:Aanandashram,1977. | ||
| 300 | _a32p. | ||
| 040 | _aSAN | ||
| 365 | _b3.25/- | ||
| 650 | _aSanskrut | ||
| 650 | _aSankeerna | ||
| 650 | _aAtharvasheersha | ||
| 650 | _aGanesh-Atharvasheersha | ||
| 999 |
_c356589 _d356586 |
||